000 00391nam a2200121Ia 4500
008 220204s9999 xx 000 0 und d
082 _a635.1/.8(910)
_bOCH
100 _aOCHSE, J J
245 0 _aVegetables of the Dutch East Indies: Survey of the indigenous and foreign plants serving as pot herbs and side dishes
260 _aAmsterdam
_bA Asher
_c1977
650 _aVegetables
942 _cBK
999 _c28754
_d28754